000 00492 a2200193 4500
005 20260407125925.0
008 260407b |||||||| |||| 00| 0 eng d
020 _a9783662650356
_c€ 39.99
040 _aMAIN
082 _a570.285
_bD197B
100 _aDandekar, Thomas
245 _aBioinformatics: An introductory textbook
260 _bSpringer
_c2023
_aBerlin
650 _aLife Sciences
650 _aBioinformatics
650 _aBiology
700 _aKunz, Meik
942 _cBK
999 _c394826
_d394826